[Event "SG Büchenbach/Roth e.V. 1-SW Nürnberg Sü"]
[Site "?"]
[Date "2013.02.11"]
[Round "7.1"]
[White "Luther, Helmut"]
[Black "Hofer, Markus"]
[Result "1/2-1/2"]
[WhiteElo "1926"]
[BlackElo "2135"]
[PlyCount "26"]
[EventDate "2013.??.??"]
[WhiteTeam "SW Nürnberg Süd e.V. 3"]
[BlackTeam "SG Büchenbach/Roth e.V. 1"]

1. d4 d5 2. Nf3 Nf6 3. g3 c6 4. Bg2 Bf5 5. O-O e6 6. c4 Bd6 7. Nc3 Nbd7 8. c5
Bc7 9. Nh4 Qe7 10. b4 a6 11. Nxf5 exf5 12. a4 Ne4 13. Ra3 O-O 1/2-1/2

[Event "SG Büchenbach/Roth e.V. 1-SW Nürnberg Sü"]
[Site "?"]
[Date "2013.02.11"]
[Round "7.2"]
[White "Hacker, Jonas"]
[Black "Kuhn, Christian"]
[Result "1/2-1/2"]
[WhiteElo "2066"]
[BlackElo "1842"]
[PlyCount "105"]
[EventDate "2013.??.??"]
[WhiteTeam "SG Büchenbach/Roth e.V. 1"]
[BlackTeam "SW Nürnberg Süd e.V. 3"]

1. e4 e5 2. Nf3 Nf6 3. Nxe5 d6 4. Nf3 Nxe4 5. Nc3 Nxc3 6. dxc3 Be7 7. Bf4 O-O
8. Qd2 Be6 9. O-O-O Qd7 10. Bd3 Na6 11. Ng5 Bxg5 12. Bxg5 Nc5 13. Kb1 Nxd3 14.
Qxd3 f6 15. Be3 Qf7 16. a3 a5 17. Rhg1 Bc4 18. Qd2 b5 19. g4 Qd7 20. g5 g6 21.
h4 f5 22. h5 Bf7 23. hxg6 Bxg6 24. Bf4 Rfe8 25. Rde1 Rxe1+ 26. Rxe1 Re8 27. c4
Rxe1+ 28. Qxe1 a4 29. Bd2 c6 30. Bc3 Bf7 31. Qd1 c5 32. f4 Bxc4 33. g6 hxg6 34.
Qh1 Kf7 35. Qh7+ Ke6 36. Qxg6+ Kd5 37. Qg2+ Ke6 38. Qg8+ Qf7 39. Qc8+ Qd7 40.
Qh8 Qf7 41. Qc8+ Qd7 42. Qb8 Qf7 43. Qc8+ Qd7 44. Qb8 Qh7 45. Qe8+ Kd5 46. Qa8+
Ke6 47. Kc1 Qf7 48. Qc8+ Qd7 49. Qh8 Qf7 50. Qc8+ Qd7 51. Qf8 Qf7 52. Qd8 Qe7
53. Qc8+ 1/2-1/2

[Event "SG Büchenbach/Roth e.V. 1-SW Nürnberg Sü"]
[Site "?"]
[Date "2013.02.11"]
[Round "7.3"]
[White "Thürauf, Peter"]
[Black "Vasilache, Catalin"]
[Result "1/2-1/2"]
[WhiteElo "1790"]
[BlackElo "1977"]
[PlyCount "82"]
[EventDate "2013.??.??"]
[WhiteTeam "SW Nürnberg Süd e.V. 3"]
[BlackTeam "SG Büchenbach/Roth e.V. 1"]

1. d4 d5 2. Nf3 Nf6 3. c4 e6 4. Nc3 Be7 5. Bg5 O-O 6. e3 b6 7. cxd5 exd5 8. Be2
Bb7 9. O-O Ne4 10. Bxe7 Qxe7 11. Rc1 Rd8 12. Qc2 c5 13. dxc5 bxc5 14. Na4 Nd7
15. Rfd1 Rac8 16. b3 Nb6 17. Nxb6 axb6 18. Qb2 f6 19. Bf1 Re8 20. Bb5 Rf8 21.
Bf1 Bc6 22. a4 Rcd8 23. Re1 Bd7 24. Nd2 f5 25. Nf3 f4 26. exf4 Rxf4 27. Bd3
Rdf8 28. Qe5 Qxe5 29. Nxe5 Nxf2 30. Bxh7+ Kxh7 31. Nxd7 R8f5 32. Rc3 d4 33. Rg3
Ne4 34. Nxb6 Nc3 35. Rh3+ Kg8 36. Rf3 Rxf3 37. gxf3 Rxf3 38. Kg2 Rd3 39. Nd7
Rd2+ 40. Kg3 Rd3+ 41. Kg4 Rd2 1/2-1/2

[Event "SG Büchenbach/Roth e.V. 1-SW Nürnberg Sü"]
[Site "?"]
[Date "2013.02.11"]
[Round "7.4"]
[White "Margraf, Matthias"]
[Black "Lais, Thomas"]
[Result "0-1"]
[WhiteElo "1969"]
[BlackElo "1878"]
[PlyCount "48"]
[EventDate "2013.??.??"]
[WhiteTeam "SG Büchenbach/Roth e.V. 1"]
[BlackTeam "SW Nürnberg Süd e.V. 3"]

1. e4 c5 2. c3 Nf6 3. e5 Nd5 4. d4 cxd4 5. Nf3 Nc6 6. cxd4 d6 7. Bc4 Nb6 8. Bb5
dxe5 9. Bxc6+ bxc6 10. Nxe5 Bb7 11. Nc3 e6 12. Ne4 Bb4+ 13. Kf1 O-O 14. Bg5 f6
15. Qg4 fxg5 16. Qxe6+ Kh8 17. h4 Qe8 18. Qb3 Nd5 19. hxg5 Qe6 20. Qg3 Ba6+ 21.
Kg1 Nf4 22. Qh4 Ne2+ 23. Kh2 Rf4 24. Qh5 g6 0-1

[Event "SG Büchenbach/Roth e.V. 1-SW Nürnberg Sü"]
[Site "?"]
[Date "2013.02.11"]
[Round "7.5"]
[White "Stolpynskyy, Mark"]
[Black "Braun, Michael"]
[Result "1-0"]
[WhiteElo "1950"]
[BlackElo "1942"]
[PlyCount "137"]
[EventDate "2013.??.??"]
[WhiteTeam "SW Nürnberg Süd e.V. 3"]
[BlackTeam "SG Büchenbach/Roth e.V. 1"]

1. d4 Nf6 2. c4 e6 3. g3 d5 4. Nf3 b6 5. Bg2 Bb7 6. O-O Be7 7. Nc3 O-O 8. Ne5
Nbd7 9. Qa4 Nxe5 10. dxe5 Nd7 11. cxd5 Nxe5 12. dxe6 Bxg2 13. exf7+ Rxf7 14.
Kxg2 Bc5 15. Ne4 Qd5 16. f3 Raf8 17. Qb3 Nc4 18. Ng5 Rd7 19. e4 Qd3 20. Qxd3
Rxd3 21. Ne6 Rf7 22. Nxc5 bxc5 23. b3 Ne5 24. f4 Ng4 25. h3 Nf6 26. Re1 Re7 27.
e5 Nd5 28. Kf2 Nb4 29. Re2 Rd1 30. Rd2 Nd3+ 31. Ke3 Rxc1 32. Rxc1 Nxc1 33. Rc2
Nxa2 34. Rxa2 Rd7 35. Rxa7 Rd1 36. Rxc7 Rg1 37. Kf3 Rb1 38. Rxc5 Rxb3+ 39. Kg4
g6 40. Rc7 Re3 41. Kh4 h6 42. Kg4 Kf8 43. h4 Kg8 44. h5 g5 45. Re7 Kh8 46. f5
Re4+ 47. Kf3 Ra4 48. f6 Kg8 49. e6 Kf8 50. Rb7 Ra8 51. Ke4 g4 52. Rf7+ Kg8 53.
Rg7+ Kh8 54. Rxg4 Kh7 55. Rg7+ Kh8 56. Rb7 Kg8 57. Kf5 Rc8 58. Kg6 Kh8 59. Rh7+
Kg8 60. f7+ Kf8 61. Rh8+ Ke7 62. Rxc8 Kxe6 63. f8=Q Kd5 64. Qe7 Kd4 65. Kxh6
Kd5 66. Kg6 Kd4 67. h6 Kd3 68. h7 Kd4 69. h8=Q+ 1-0

[Event "SG Büchenbach/Roth e.V. 1-SW Nürnberg Sü"]
[Site "?"]
[Date "2013.02.11"]
[Round "7.7"]
[White "Hintyes, Helmuth"]
[Black "Dietrich, Jochen"]
[Result "1-0"]
[WhiteElo "1904"]
[BlackElo "1881"]
[PlyCount "72"]
[EventDate "2013.??.??"]
[WhiteTeam "SW Nürnberg Süd e.V. 3"]
[BlackTeam "SG Büchenbach/Roth e.V. 1"]

1. c4 Nf6 2. d4 g6 3. Nc3 Bg7 4. e4 d6 5. Bd3 e5 6. d5 Nbd7 7. Nge2 O-O 8. Bg5
h6 9. Bh4 a6 10. h3 Qe8 11. g4 Nh7 12. Qd2 Ndf6 13. O-O-O Bd7 14. Bg3 b5 15.
Qe3 bxc4 16. Bxc4 Bb5 17. Nxb5 axb5 18. Bb3 Nd7 19. Kb1 Nc5 20. Rc1 Nf6 21. f3
Nfd7 22. Bf2 Qc8 23. Ng3 Qa6 24. h4 Nb6 25. Rxc5 dxc5 26. Qxc5 Nc4 27. Be1 Rfc8
28. h5 g5 29. Bc3 Nd6 30. Rd1 f6 31. Nf5 Bf8 32. Qc6 Qxc6 33. dxc6+ Kh8 34. Ne3
Ra6 35. Bd5 Kg7 36. Bb4 Nc4 1-0

[Event "SG Büchenbach/Roth e.V. 1-SW Nürnberg Sü"]
[Site "?"]
[Date "2013.02.11"]
[Round "7.8"]
[White "Braun, Robert"]
[Black "Meulner, Fabian"]
[Result "1/2-1/2"]
[WhiteElo "1938"]
[BlackElo "1806"]
[PlyCount "46"]
[EventDate "2013.??.??"]
[WhiteTeam "SG Büchenbach/Roth e.V. 1"]
[BlackTeam "SW Nürnberg Süd e.V. 3"]

1. e4 g6 2. d4 Bg7 3. f4 c5 4. c3 cxd4 5. cxd4 d5 6. e5 Nh6 7. Nc3 Nc6 8. Bb5
O-O 9. Nf3 Bg4 10. O-O Nf5 11. Bxc6 bxc6 12. Na4 Nh4 13. Qc2 Bxf3 14. gxf3 Qd7
15. Qf2 Qh3 16. Nc5 f6 17. Qg3 Qxg3+ 18. hxg3 Nf5 19. Ne6 Nxg3 20. Nxf8 Nxf1
21. Nxg6 hxg6 22. Kxf1 Rb8 23. b3 Kf7 1/2-1/2

[Event "SW Nürnberg Süd e.V. 2-SK Schwanstetten "]
[Site "?"]
[Date "2013.02.11"]
[Round "7.1"]
[White "Manthey, Frank"]
[Black "Redzepovic, Irfan"]
[Result "0-1"]
[WhiteElo "2067"]
[BlackElo "2094"]
[PlyCount "106"]
[EventDate "2013.??.??"]
[WhiteTeam "SK Schwanstetten 79 e.V. 1"]
[BlackTeam "SW Nürnberg Süd e.V. 2"]

1. e4 g6 2. d4 Bg7 3. Nc3 a6 4. a4 b6 5. f4 Bb7 6. Nf3 Nc6 7. Be3 Nb4 8. Bd3 e6
9. O-O Ne7 10. Kh1 d6 11. Qe2 O-O 12. Qf2 Nxd3 13. cxd3 Nc6 14. Na2 a5 15. Qd2
Ba6 16. Rfd1 Qd7 17. Rac1 Ne7 18. Qc2 Rfc8 19. Qb3 Rab8 20. Nc3 c6 21. Qa3 Bf8
22. Bf2 Bh6 23. Bg3 c5 24. dxc5 bxc5 25. d4 c4 26. Rc2 Rb3 27. Qa1 Nc6 28. d5
Nb4 29. dxe6 fxe6 30. Rcd2 Nd3 31. Nd4 Rbb8 32. Ndb5 d5 33. Rxd3 cxd3 34. exd5
exd5 35. Rxd3 Bb7 36. Qd1 Ra8 37. Ne4 Qe7 38. Ned6 Rf8 39. Nxb7 Qxb7 40. Rxd5
Bg7 41. h3 Qe7 42. Rd7 Qe4 43. Qb3+ Kh8 44. Nd6 Qb1+ 45. Kh2 h6 46. Nf7+ Kh7
47. f5 Qxf5 48. Qb7 Kg8 49. Ng5 Qf6 50. Ne6 Bh8 51. Nxf8 Rxf8 52. Qd5+ Rf7 53.
Be5 Qxe5+ 0-1

[Event "SW Nürnberg Süd e.V. 2-SK Schwanstetten "]
[Site "?"]
[Date "2013.02.11"]
[Round "7.2"]
[White "Erlbeck, Peter"]
[Black "Kroneder, Christian"]
[Result "1/2-1/2"]
[WhiteElo "2051"]
[BlackElo "1973"]
[PlyCount "145"]
[EventDate "2013.??.??"]
[WhiteTeam "SW Nürnberg Süd e.V. 2"]
[BlackTeam "SK Schwanstetten 79 e.V. 1"]

1. e4 c5 2. Nc3 d6 3. f4 g6 4. Nf3 Bg7 5. Bc4 Nc6 6. O-O Nf6 7. d3 O-O 8. Qe1
Nd4 9. Nxd4 cxd4 10. Ne2 d5 11. exd5 Nxd5 12. Ng3 Ne3 13. Bxe3 dxe3 14. c3 b5
15. Bb3 b4 16. d4 Bb7 17. Qxe3 Rc8 18. Rad1 Qb6 19. Rf2 a5 20. f5 bxc3 21. bxc3
a4 22. Bxa4 Qa5 23. Bb3 Rxc3 24. Qxe7 Rc7 25. Qe3 Rd8 26. fxg6 hxg6 27. Ne4 Bd5
28. Nf6+ Bxf6 29. Rxf6 Bxb3 30. Qxb3 Kg7 31. Rdf1 Rdd7 32. Qb2 Qd5 33. Kh1 Rc4
34. h3 Qxd4 35. Qxd4 Rcxd4 36. R6f2 Ra4 37. Rb1 Rda7 38. Rbb2 Ra3 39. Kg1 Rc7
40. Rfc2 Rca7 41. Kf2 g5 42. Ke2 Rg3 43. Kd1 g4 44. hxg4 Rxg4 45. Kc1 Re7 46.
Re2 Rc4+ 47. Kb1 Rd7 48. Rb3 Rcd4 49. Rg3+ Kf8 50. Kb2 Rb4+ 51. Rb3 Rbd4 52.
Rc2 Rg4 53. a3 Rdd4 54. Rf2 Rd7 55. Rb4 Rg3 56. Rbf4 Rb7+ 57. Ka2 Ra7 58. a4
Ke8 59. Rb4 Kf8 60. Kb1 Ra3 61. Ra2 Re3 62. Rc2 Ra3 63. Rcc4 Rg3 64. Rg4 Re3
65. Ka2 Rd7 66. Rb3 Rd2+ 67. Ka3 Ree2 68. g3 Ra2+ 69. Kb4 Re7 70. Kc3 Re3+ 71.
Kb4 Re7 72. Ka5 Ra7+ 73. Kb6 1/2-1/2

[Event "SW Nürnberg Süd e.V. 2-SK Schwanstetten "]
[Site "?"]
[Date "2013.02.11"]
[Round "7.3"]
[White "Cipra, Lothar"]
[Black "Bolten, Daniel"]
[Result "1/2-1/2"]
[WhiteElo "1953"]
[BlackElo "1998"]
[PlyCount "82"]
[EventDate "2013.??.??"]
[WhiteTeam "SK Schwanstetten 79 e.V. 1"]
[BlackTeam "SW Nürnberg Süd e.V. 2"]

1. d4 e6 2. c4 Nf6 3. g3 d5 4. Bg2 Be7 5. Nf3 O-O 6. O-O c6 7. Qc2 Ne4 8. Nc3
f5 9. e3 Bd7 10. Ne5 Be8 11. f3 Nxc3 12. Qxc3 Nd7 13. Nxd7 Qxd7 14. b3 Bg6 15.
Bb2 Bf6 16. Qd2 Rad8 17. c5 Rfe8 18. f4 Bh5 19. Qf2 g5 20. h3 Qg7 21. Kh2 Kh8
22. Bf3 Bxf3 23. Qxf3 gxf4 24. gxf4 Rg8 25. Rg1 Qh6 26. Rxg8+ Rxg8 27. Rg1 Rxg1
28. Kxg1 Bh4 29. Bc3 Qg6+ 30. Kf1 Kg7 31. Qg2 Qxg2+ 32. Kxg2 Kg6 33. Kf3 Kh5
34. Ba5 h6 35. Kg2 Kg6 36. Kf3 h5 37. Ke2 Kf7 38. Be1 Bd8 39. Kd3 Ke8 40. Kc2
Kd7 41. b4 Kc7 1/2-1/2

[Event "SW Nürnberg Süd e.V. 2-SK Schwanstetten "]
[Site "?"]
[Date "2013.02.11"]
[Round "7.4"]
[White "Just, Hannes"]
[Black "Arlt, Michael"]
[Result "1-0"]
[WhiteElo "2047"]
[BlackElo "1925"]
[PlyCount "61"]
[EventDate "2013.??.??"]
[WhiteTeam "SW Nürnberg Süd e.V. 2"]
[BlackTeam "SK Schwanstetten 79 e.V. 1"]

1. e4 d5 2. exd5 Qxd5 3. Nc3 Qa5 4. Bc4 Nf6 5. Nge2 e5 6. d4 Nbd7 7. O-O c6 8.
Bd2 Qd8 9. Re1 Be7 10. Ng3 Nb6 11. dxe5 Nxc4 12. exf6 gxf6 13. Qe2 Nxd2 14.
Rad1 Be6 15. Rxd2 Qc7 16. Qh5 Qf4 17. Nge4 O-O 18. Rd3 Kh8 19. Ng3 Qg5 20. Qd1
Rad8 21. Nce4 Rxd3 22. Qxd3 Qe5 23. b3 f5 24. Qc3 Qxc3 25. Nxc3 Bb4 26. Nge2
Rd8 27. Rd1 Rxd1+ 28. Nxd1 Kg7 29. Nf4 Kf6 30. g3 Ke5 31. Nd3+ 1-0

[Event "SW Nürnberg Süd e.V. 2-SK Schwanstetten "]
[Site "?"]
[Date "2013.02.11"]
[Round "7.5"]
[White "Leonhardt, Frank"]
[Black "Konsek, Peter"]
[Result "0-1"]
[WhiteElo "1886"]
[BlackElo "1928"]
[PlyCount "61"]
[EventDate "2013.??.??"]
[WhiteTeam "SK Schwanstetten 79 e.V. 1"]
[BlackTeam "SW Nürnberg Süd e.V. 2"]

1. e4 e5 2. Nf3 Nc6 3. Bb5 a6 4. Ba4 d6 5. O-O Bg4 6. c3 b5 7. Bb3 Qf6 8. d3
Bxf3 9. Qxf3 Qxf3 10. gxf3 Na5 11. Bc2 Ne7 12. a4 b4 13. cxb4 Nac6 14. Bd2 Rb8
15. b5 Nd4 16. Bd1 axb5 17. f4 Ng6 18. f5 Nh4 19. f3 Be7 20. Be3 g6 21. fxg6
Rg8 22. Nc3 bxa4 23. Nd5 Rxg6+ 24. Kh1 Rxb2 25. Bxd4 exd4 26. Bxa4+ Kf8 27. Bd1
f6 28. Nf4 Rh6 29. Ra8+ Kf7 30. Ra3 d5 31. Nxd5 0-1

[Event "SW Nürnberg Süd e.V. 2-SK Schwanstetten "]
[Site "?"]
[Date "2013.02.11"]
[Round "7.6"]
[White "Wörl, Richard"]
[Black "Vogt, Peter"]
[Result "1-0"]
[WhiteElo "1956"]
[BlackElo "1885"]
[PlyCount "95"]
[EventDate "2013.??.??"]
[WhiteTeam "SW Nürnberg Süd e.V. 2"]
[BlackTeam "SK Schwanstetten 79 e.V. 1"]

1. e4 c5 2. c3 d5 3. exd5 Qxd5 4. d4 cxd4 5. cxd4 Nc6 6. Nf3 e5 7. Nc3 Bb4 8.
Bd2 Bxc3 9. Bxc3 e4 10. Ne5 Nxe5 11. dxe5 Ne7 12. Qe2 Bd7 13. Rd1 Qxa2 14. Rxd7
Kxd7 15. Qb5+ Kc8 16. Bc4 Qa6 17. Qc5+ Qc6 18. Qb4 Nd5 19. Bxd5 Qxd5 20. O-O a5
21. Qa3 Ra6 22. h3 Re8 23. Qa4 Rxe5 24. Rd1 Qb5 25. Qa2 Rf5 26. Qa3 Qe8 27. b4
Rb5 28. Bd4 Rc6 29. Be3 f5 30. Bg5 Rf6 31. Qe3 Kb8 32. Qf4+ Ka8 33. Qc7 Qe6 34.
Rd8+ Ka7 35. Be3+ Rb6 36. Bxb6+ Qxb6 37. Qb8+ Ka6 38. Rd5 Qxb4 39. Qa8+ Kb6 40.
Qd8+ Kc6 41. Qd7+ Kb6 42. Qd8+ Ka6 43. Qa8+ Kb6 44. Rd7 Kc5 45. Rxb7 Rb6 46.
Qc8+ Kb5 47. Qd7+ Kc5 48. Rc7+ 1-0

[Event "SW Nürnberg Süd e.V. 2-SK Schwanstetten "]
[Site "?"]
[Date "2013.02.11"]
[Round "7.7"]
[White "Schulz, Wilfried"]
[Black "Werner, Thomas"]
[Result "0-1"]
[WhiteElo "1817"]
[BlackElo "1923"]
[PlyCount "150"]
[EventDate "2013.??.??"]
[WhiteTeam "SK Schwanstetten 79 e.V. 1"]
[BlackTeam "SW Nürnberg Süd e.V. 2"]

1. e4 c6 2. d3 d5 3. Nd2 e5 4. Ngf3 Bd6 5. Be2 f5 6. b3 Nf6 7. exf5 Bxf5 8. Bb2
Nbd7 9. Nf1 O-O 10. Ng3 Bg6 11. O-O Qc7 12. Nh4 Bf7 13. Nhf5 Bc5 14. d4 exd4
15. Bxd4 Rae8 16. Bxc5 Nxc5 17. Qd4 b6 18. Rae1 Nce4 19. f3 c5 20. Qd3 Nxg3 21.
Nxg3 Bg6 22. Qd2 Bf7 23. Kh1 d4 24. Bb5 Rxe1 25. Rxe1 Nd5 26. Qg5 h6 27. Qh4
Qd8 28. Qxd8 Rxd8 29. Bd3 Kf8 30. Kg1 Re8 31. Rxe8+ Bxe8 32. a4 Nf4 33. Be4 g6
34. Kf2 Ke7 35. Nf1 Kf6 36. Nd2 Bf7 37. g3 Ne6 38. Bd3 Nc7 39. Ne4+ Ke7 40. f4
Nd5 41. Nd2 Nb4 42. Be4 Kf6 43. Nf3 Bd5 44. Bxd5 Nxd5 45. Ne1 Kf5 46. Kf3 Ne3
47. h3 h5 48. c3 Ke6 49. cxd4 cxd4 50. Ke4 Nf1 51. g4 Nd2+ 52. Kxd4 Nxb3+ 53.
Kc4 Nc5 54. a5 Nd7 55. axb6 Nxb6+ 56. Kd4 Nd7 57. Nd3 a6 58. f5+ gxf5 59. g5 h4
60. Nf4+ Kf7 61. Ng2 Kg6 62. Nxh4+ Kxg5 63. Ng2 a5 64. Kc4 f4 65. h4+ Kg4 66.
h5 f3 67. Ne3+ Kxh5 68. Kb5 f2 69. Kxa5 Kg5 70. Kb4 Kf4 71. Nf1 Kf3 72. Kc3 Ke2
73. Ng3+ Ke1 74. Kd3 Nf6 75. Ke3 Nh5 0-1

[Event "SW Nürnberg Süd e.V. 2-SK Schwanstetten "]
[Site "?"]
[Date "2013.02.11"]
[Round "7.8"]
[White "Diehl, Achim"]
[Black "Cipra, Uwe"]
[Result "1-0"]
[WhiteElo "1995"]
[BlackElo "1669"]
[PlyCount "105"]
[EventDate "2013.??.??"]
[WhiteTeam "SW Nürnberg Süd e.V. 2"]
[BlackTeam "SK Schwanstetten 79 e.V. 1"]

1. e4 d5 2. exd5 Nf6 3. Bb5+ Bd7 4. Bc4 b5 5. Bb3 c5 6. dxc6 Nxc6 7. c3 e5 8.
d3 Bf5 9. Bc2 Qd5 10. Qf3 e4 11. dxe4 Bxe4 12. Bxe4 Qxe4+ 13. Qxe4+ Nxe4 14.
Nf3 Bc5 15. O-O O-O 16. Nbd2 Nxf2 17. Rxf2 Rfe8 18. Nb3 Bxf2+ 19. Kxf2 b4 20.
Nbd4 Nxd4 21. Nxd4 bxc3 22. bxc3 Rab8 23. Ba3 Rb6 24. Bb4 Rf6+ 25. Nf3 g5 26.
Re1 Rxe1 27. Kxe1 g4 28. Nd4 Rh6 29. Kf2 Rxh2 30. Kg3 Rh1 31. Kxg4 Ra1 32. a3
a5 33. Bd6 Rc1 34. Nb5 f6 35. Bf4 Rc2 36. g3 a4 37. Kf5 Rb2 38. Nd4 Kf7 39. c4
Ra2 40. Bd6 Rd2 41. Ke4 Rd1 42. c5 Rc1 43. c6 Ke8 44. Kd5 h5 45. Ke6 f5 46.
Kxf5 Rc4 47. Ke5 Rc3 48. Ke6 Re3+ 49. Kd5 Rc3 50. Nb5 Rc1 51. Be5 Ke7 52. c7
Kd7 53. Na7 1-0

[Event "SF Fürth 1951 e.V. 1-SC Noris-Tarrasch N 1873 e.V. 3"]
[Site "?"]
[Date "2013.02.11"]
[Round "7.1"]
[Board "1"]
[White "Martin, Thomas"]
[Black "Wittmann, Karl"]
[Result "1-0"]
[WhiteElo "2205"]
[BlackElo "2025"]
[WhiteTeam "SC Noris-Tarrasch N 1873 e.V. 3"]
[BlackTeam "SF Fürth 1951 e.V. 1"]

1. Nf3 d5 2. g3 Nf6 3. Bg2 c5 4. O-O Nc6 5. d3 e6 6. Nbd2 Be7 7. e4 dxe4 8.
dxe4 O-O 9. c3 Qc7 10. Qc2 b6 11. Re1 Bb7 12. Nc4 Rad8 13. a4 Ba6 14. Bf4 Qc8
15. Bf1 Nh5 16. Be3 Nf6 17. e5 Nd5 18. Bg5 Bxc4 19. Bxc4 Rd7 20. Bxe7 Ncxe7 21.
Bd3 h6 22. Bb5 Rdd8 23. Qe4 Qa8 24. Bd3 Ng6 25. a5 Nde7 26. Qe2 Qc6 27. axb6
axb6 28. Ra7 Nd5 29. Be4 Rd7 30. Rxd7 Qxd7 31. Qd3 b5 32. Rd1 c4 33. Qd4 Nge7
34. Ra1 Rc8 35. Bc2 Qc6 36. Qe4 g6 37. h4 b4 38. cxb4 Nxb4 39. Qxc6 Rxc6 40.
Be4 Rc5 41. Rc1 Ned5 42. Kf1 Nb6 43. Ra1 Nd7 44. Ra4 Rb5 45. Nd2 Nb6 46. Ra7
Nd3 47. Nxc4 Nxe5 48. Nxe5 Rxe5 49. Bd3 g5 50. hxg5 hxg5 51. b4 Rd5 52. Ke2 Rd4
53. b5 Rb4 54. Rc7 Rb2+ 55. Rc2 Rb3 56. Kd2 Kg7 57. Rc5 Rb2+ 58. Bc2 Nd5 59.
Kc1 Rb4 60. Bd3 Kf6 61. Kc2 Ke5 62. Rc4 Rxc4+ 63. Bxc4 Kd4 64. Bxd5 Kxd5 65.
Kb3 f5 66. Kb4 Kd6 67. Ka5 Kc7 68. Ka6 Kb8 69. Kb6 e5 70. Kc5 Kc7 71. Kd5 1-0

[Event "SF Fürth 1951 e.V. 1-SC Noris-Tarrasch N 1873 e.V. 3"]
[Site "?"]
[Date "2013.02.11"]
[Round "7.3"]
[Board "3"]
[White "Seeger, Peter"]
[Black "Basting, Steffen"]
[Result "1/2-1/2"]
[WhiteElo "2018"]
[BlackElo "2022"]
[WhiteTeam "SC Noris-Tarrasch N 1873 e.V. 3"]
[BlackTeam "SF Fürth 1951 e.V. 1"]

1.d4 Nf6 2.c4 g6 3.g3 Bg7 4.Bg2 O-O 5.Nc3 Nc6 6.Nf3 d6 7.O-O a6 8.Qd3 Nd7 9.b3
e5 10.e3 f5 11.dxe5 Nc5 12.Qd2 Nxe5 13.Nxe5 Bxe5 14.Ba3 c6 15.Rac1 Qa5 16.Nb1
Qxd2 17.Nxd2 Be6 18.Rcd1 Rfd8 19.Nf3 Bf6 20.Nd4 Bf7 21.h4 Rac8 22.Ne2 a5 23.Rd2
a4 24.b4 Ne4 25.Rc2 d5 26.c5 d4 27.exd4 Bxd4 28.Nxd4 Rxd4 29.Rb1 Rcd8 30.Bxe4
1/2-1/2

[Event "SF Fürth 1951 e.V. 1-SC Noris-Tarrasch N 1873 e.V. 3"]
[Site "?"]
[Date "2013.02.11"]
[Round "7.4"]
[Board "4"]
[White "Pasedag, Peter"]
[Black "Karasek, Christian"]
[Result "1/2-1/2"]
[WhiteElo "2098"]
[BlackElo "2002"]
[WhiteTeam "SF Fürth 1951 e.V. 1"]
[BlackTeam "SC Noris-Tarrasch N 1873 e.V. 3"]

1.d4 g6 2.e4 Bg7 3.Nc3 d6 4.Be3 Nd7 5.Nf3 a6 6.a4 e6 7.a5 Ne7 8.Qd2 h6 9.Bd3 c5
10.O-O Nc6 11.Ne2 g5 12.h3 e5 13.dxc5 dxc5 14.Ng3 Nd4 15.Qd1 Qc7 16.c3 Ne6
17.Nf5 Bf8 18.Nd2 Nf6 19.Nc4 Bd7 20.Bc2 Bc6 21.Re1 Rd8 22.Qb1 Bb5 23.Ba4 Ng7
24.Nxg7+ Bxg7 25.Bxb5+ axb5 26.Nb6 Qc6 27.c4 bxc4 28.Nxc4 Nxe4 29.f3 Nd6
30.Nxd6+ Rxd6 31.Qc2 Rd5 32.Rac1 O-O 33.Bxc5 Rc8 34.b4 Bf8 35.Qb2 Bxc5+ 36.bxc5
Rxc5 37.Rxc5 Qxc5+ 38.Kh1 Qxa5 39.Rxe5 Qc3 40.Re8+ Kg7 41.Qxc3+ Rxc3 42.Rb8 Rb3
43.Kh2 h5 44.h4 f6 45.Kh3 Rb4 46.Kg3 Kg6 47.hxg5 fxg5 48.Rg8+ Kf6 49.Rf8+ Ke5
50.Re8+ Kd6 51.Rd8+ Kc6 52.Rc8+ Kb6 53.Rh8 h4+ 54.Kh3 Rd4 55.Rg8 Rd5 56.Kg4 Kc5
57.Rxg5 Rxg5+ 58.Kxg5 b5 59.f4 b4 60.f5 b3 61.f6 Kd6 62.Kh6 Ke6 63.Kg7 b2 64.f7
b1=Q 65.f8=Q Qb2+ 66.Kh6 Qxg2 67.Qe8+ Kf5 68.Qh5+ Kf4 69.Qxh4+ Qg4 70.Qxg4+
Kxg4 1/2-1/2

[Event "SF Fürth 1951 e.V. 1-SC Noris-Tarrasch N 1873 e.V. 3"]
[Site "?"]
[Date "2013.02.11"]
[Round "7.6"]
[Board "6"]
[White "Thiele, Heinz"]
[Black "Lutzky, Manfred"]
[Result "1/2-1/2"]
[WhiteElo "1990"]
[BlackElo "1923"]
[WhiteTeam "SF Fürth 1951 e.V. 1"]
[BlackTeam "SC Noris-Tarrasch N 1873 e.V. 3"]

1.c4 e6 2.Nc3 d5 3.d4 Nf6 4.Bg5 c6 5.e3 Nbd7 6.cxd5 exd5 7.Qc2 Be7 8.Bd3 O-O
9.Nf3 Re8 10.O-O Nf8 11.Rab1 Ne4 12.Bxe7 Qxe7 13.b4 a6 14.a4 Ng6 15.Nd2 Nxc3
16.Qxc3 Nh4 17.Kh1 Qg5 18.g3 Bh3 19.Rg1 Nf5 20.Rbe1 Rad8 21.Qc2 h5 22.Nf3 Qf6
23.Be2 Nh6 24.Rc1 Ng4 25.Bd1 Qf5 26.Re1 Re4 27.Kg1 Rde8 28.Nh4 Qf6 29.Ng2 g5
30.Qd2 R4e7 31.Rc3 Kg7 32.f3 Nh6 33.Qf2 Nf5 34.Bc2 Nd6 35.Bd3 Nf5 36.Bb1 Nd6
37.Bd3 Nf5 1/2-1/2

[Event "SF Fürth 1951 e.V. 1-SC Noris-Tarrasch N 1873 e.V. 3"]
[Site "?"]
[Date "2013.02.11"]
[Round "7.7"]
[Board "7"]
[White "Pranschke, Gerd"]
[Black "Kirbach, Thomas"]
[Result "0-1"]
[WhiteElo "1887"]
[BlackElo "1936"]
[WhiteTeam "SC Noris-Tarrasch N 1873 e.V. 3"]
[BlackTeam "SF Fürth 1951 e.V. 1"]

1.e4 d6 2.d4 g6 3.Nc3 Bg7 4.Be3 Nf6 5.Qd2 c6 6.f3 Nbd7 7.O-O-O b5 8.g4 Nb6 9.Bh6
Bxh6 10.Qxh6 Qc7 11.Bd3 Be6 12.Nge2 Bc4 13.Rhe1 O-O-O 14.Ng3 e5 15.dxe5 dxe5
16.Bxc4 Nxc4 17.Nf1 Qa5 18.Nd2 Rxd2 19.Rxd2 Nxd2 20.Qxd2 Rd8 21.Qe3 Rd4 22.Rd1
Rxd1+ 23.Nxd1 Qxa2 24.Qc5 Qa1+ 25.Kd2 Qa5+ 26.Ke2 Qc7 27.Qf8+ Kb7 28.Qg7 Qe7
29.h4 h5 30.Nf2 hxg4 31.fxg4 Qe6 32.Kf3 Ne8 33.Qg8 Nd6 34.Qh8 Kb6 35.h5 gxh5
36.gxh5 f5 37.h6 fxe4+ 38.Kg2 e3 39.Nd3 Qg4+ 40.Kf1 Qd1+ 41.Ne1 Qd2 42.Qd8+ Ka6
43.Qf8 e2+ 44.Kf2 Ne4+ 45.Kf3 Qxe1 46.Qc8+ Ka5 47.Qc7+ Kb4 48.h7 Qg3+ 49.Kxe2
Qf2+ 0-1

[Event "SF Fürth 1951 e.V. 1-SC Noris-Tarrasch N 1873 e.V. 3"]
[Site "?"]
[Date "2013.02.11"]
[Round "7.8"]
[Board "8"]
[White "Kociurzynski, Andre"]
[Black "Kozik, Andreas"]
[Result "1-0"]
[WhiteElo "1949"]
[BlackElo "1875"]
[WhiteTeam "SF Fürth 1951 e.V. 1"]
[BlackTeam "SC Noris-Tarrasch N 1873 e.V. 3"]

1.e4 c5 2.Nf3 Nc6 3.d4 cxd4 4.Nxd4 g6 5.Nc3 Bg7 6.Nxc6 bxc6 7.Bc4 Qa5 8.Bd2 Qb4
9.Qe2 Qxb2 10.Rb1 Qa3 11.Rb3 Qd6 12.O-O e6 13.f4 Ne7 14.e5 Qc7 15.Ne4 Nf5
16.Bb4 d5 17.exd6 Qd8 18.d7+ Bxd7 19.g4 Ne7 20.Nd6+ Kf8 21.Nb7 Qc8 22.Qf2 c5
23.Bxc5 Bc6 24.Bxe7+ Kg8 25.Na5 Be4 26.Qe3 f5 27.Rb7 Kf7 28.Rfb1 Re8 29.Bf6+
Kxf6 30.g5# 1-0

[Event "SK Nürnberg 1911 e.V. 1-SC Erlangen 48/8"]
[Site "?"]
[Date "2013.02.11"]
[Round "7.1"]
[White "Martin Fernandez, Rodrigo"]
[Black "Fuchs, Gerhard"]
[Result "1/2-1/2"]
[WhiteElo "2081"]
[BlackElo "2073"]
[PlyCount "133"]
[EventDate "2013.??.??"]
[WhiteTeam "SC Erlangen 48/88 e.V. 2"]
[BlackTeam "SK Nürnberg 1911 e.V. 1"]

1. d4 f5 2. g3 Nf6 3. Bg2 g6 4. c4 Bg7 5. Nf3 O-O 6. O-O d6 7. Nc3 Qe8 8. d5 e5
9. dxe6 Qxe6 10. Ng5 Qxc4 11. Nd5 Ne4 12. Ne3 Qb5 13. Nxe4 fxe4 14. Bxe4 Na6
15. Rb1 Nc5 16. Bg2 Be6 17. Nd5 Qd7 18. Qc2 Rae8 19. e4 Bxd5 20. exd5 Qf5 21.
Qxf5 Rxf5 22. Be3 Na4 23. Rfc1 Re7 24. Rc2 b6 25. Rd2 Nc5 26. Rc1 a5 27. Bh3
Rf8 28. b3 h5 29. Bg2 Kh7 30. Bg5 Ree8 31. Be3 Rf7 32. h4 Rfe7 33. Bf1 Bh6 34.
Bxh6 Kxh6 35. Kg2 Kg7 36. Bb5 Rf8 37. Re2 Rxe2 38. Bxe2 Re8 39. Bc4 Re7 40. a3
b5 41. Bxb5 Nxb3 42. Rd1 Nc5 43. Bc6 Re2 44. Rd4 Ra2 45. a4 Rb2 46. Kf3 Rb8 47.
Bb5 Rf8+ 48. Ke3 Rf7 49. f3 Re7+ 50. Kf2 Kf6 51. Rd1 Re5 52. Bc6 Kf7 53. Rd4
Kf6 54. Bb5 Kf7 55. Be2 Nb3 56. Rf4+ Kg7 57. Rc4 Nc5 58. Rd4 Nb3 59. Rd1 Nc5
60. Bb5 Kf6 61. Bc6 Na6 62. f4 Re7 63. Kf3 Nb4 64. Bb5 Nc2 65. Rd2 Nb4 66. Kf2
Kf5 67. Bf1 1/2-1/2